| 000 | 00740nam a2200205Ia 4500 | ||
|---|---|---|---|
| 003 | GCL | ||
| 005 | 20240530102506.0 | ||
| 008 | 140319s199؟ ua 000 0 ara d | ||
| 040 |
_aGCL / _cGCL |
||
| 082 | 0 | 4 |
_a810.9/ _bأ ع |
| 100 | 1 | _aالاندلسى، ابن عبدربة | |
| 245 | 1 | 0 |
_aالعقد الفريد / _cتاليف احمد بن محمد بن عبد ربه الاندلسى ؛ تحقيق محمد سعيد العريان |
| 260 |
_aالقاهرة : _bدار الفكر، _c[199-]. |
||
| 300 |
_a335 ص ؛ _c26 سم |
||
| 650 | 0 | 4 | _aالادب العربى |
| 650 | 0 | 4 | _aالنثر |
| 650 | 0 | 4 | _aالادب العربى - تاريخ ونقد |
| 700 | 0 |
_aمحمد سعيد العريان _eمحقق |
|
| 942 |
_2ddc _cBK |
||
| 999 |
_c32644 _d32644 |
||